000 00488nam a2200169 i 4500
001 43576
003 ES-MaACL
005 20230906160830.0
007 t|
008 030318s1964 sp ||||1| spa d
100 1 _aCastroviejo, Ramón.
_936994
245 1 0 _aAtlas de queratectomías y queratoplastias /
_cRamón Castroviejo.
250 _a[1ª ed.].
260 _aBarcelona, etc. :
_bSalvat,
_c[1964]
300 _aXX, 446 p. :
_bil. ;
_c28 cm.
852 _aES-MaACL
_jC-26580
_bR.55687
999 _c43576
_d43576